<?xml version="1.0" encoding="UTF-8"?>
<collection xmlns="http://www.loc.gov/MARC21/slim">
<record>
  <controlfield tag="001">6255</controlfield>
  <controlfield tag="005">20230130093544.0</controlfield>
  <datafield tag="037" ind1=" " ind2=" ">
    <subfield code="a">DATASET-2023-0023</subfield>
  </datafield>
  <datafield tag="100" ind1=" " ind2=" ">
    <subfield code="a">Pottiaux, Eric</subfield>
  </datafield>
  <datafield tag="245" ind1=" " ind2=" ">
    <subfield code="a">Key Performance Indicators and metrics from ROB’s operational final GNSS position and tropospheric delay estimates computed in the context of its E-GVAP participation (from 1st Jan 2022 until 31 Dec 2022)</subfield>
  </datafield>
  <datafield tag="260" ind1=" " ind2=" ">
    <subfield code="c">2022</subfield>
  </datafield>
  <datafield tag="500" ind1=" " ind2=" ">
    <subfield code="a">Dataset released under the open data policy</subfield>
  </datafield>
  <datafield tag="594" ind1=" " ind2=" ">
    <subfield code="a">STCE</subfield>
  </datafield>
  <datafield tag="856" ind1="0" ind2=" ">
    <subfield code="f">eric.pottiaux@observatoire.be</subfield>
  </datafield>
  <datafield tag="980" ind1=" " ind2=" ">
    <subfield code="a">DATASET</subfield>
  </datafield>
</record>
</collection>